000 00218 a2200097 4500
001 22887
100 _aSkolnik, M I
245 _aIntroduction to Radar Systems
260 _a
_bMcGraw-Hill
_c1962
090 _c15487
_d15487
942 _aNUST-CAE
_cM
_c6099
999 _c257960
_d257960